[Event "Schloss op"]
[Site "Werther GER"]
[Date "2023.04.02"]
[Round "7.3"]
[White "Golubka, Petro"]
[Black "Knuedel, Torben"]
[Result "1-0"]
[WhiteElo "2360"]
[BlackElo "2250"]
[WhiteFideId "-1"]
[BlackFideId "-1"]
[PlyCount "127"]
[GameId "2130307561814530"]
[EventDate "2023.03.30"]
[EventType "swiss"]
[EventRounds "7"]
[EventCountry "GER"]
[SourceTitle "10 Days #719"]
[Source "ChessMix"]
[SourceDate "2023.04.10"]
[SourceVersion "1"]
[SourceVersionDate "2023.04.10"]
[SourceQuality "1"]

1. e4 e5 2. Nf3 Nc6 3. Bc4 Bc5 4. b4 Bb6 5. c3 Nf6 6. d3 d6 7. O-O a6 8. Nbd2 O-O 9. Bb3 Ba7 10. a4 Ne7 11. Re1 Ng6 12. Nc4 h6 13. Be3 Bxe3 14. fxe3 Re8 15. a5 Be6 16. Nfd2 Qe7 17. Qf3 Rad8 18. Ba4 c6 19. Nb6 d5 20. exd5 Nxd5 21. Nxd5 Bxd5 22. e4 Be6 23. g3 Qg5 24. Qe3 Nf4 25. Nf3 Nh3+ 26. Kg2 Qxe3 27. Rxe3 Bg4 28. Bc2 Bxf3+ 29. Kxf3 Rd6 30. Kg2 Ng5 31. Rf1 Rc8 32. Bb3 Rc7 33. Rf5 c5 34. h4 Ne6 35. Rxe5 cxb4 36. cxb4 Nd4 37. Re8+ Kh7 38. Bc4 Nc2 39. Re2 Nxb4 40. e5 Rd4 41. Bxf7 Rxf7 42. e6 Rf6 43. e7 Nc6 44. Rh8+ Kxh8 45. e8=Q+ Kh7 46. Qe3 Rfd6 47. Qf3 Rf6 48. Qe3 Rfd6 49. Rf2 Nxa5 50. Rf8 Rd8 51. Rxd8 Rxd8 52. Qb6 Rd5 53. Qe6 Rb5 54. d4 Nb3 55. Qe4+ Kh8 56. Qe8+ Kh7 57. d5 Nc5 58. Qe5 b6 59. g4 a5 60. Qf5+ Kh8 61. g5 Rb2+ 62. Kf1 hxg5 63. hxg5 Rb1+ 64. Qxb1 1-0

[Event "Titled Tuesday 2023.03.07 Late"]
[Site "Chess.com INT"]
[Date "2023.03.07"]
[Round "10"]
[White "Golubka, Petro"]
[Black "Gerzhoy, Leonid"]
[Result "1-0"]
[WhiteElo "2360"]
[BlackElo "2348"]
[WhiteFideId "-1"]
[BlackFideId "-1"]
[PlyCount "125"]
[GameId "1890202818244608"]
[EventDate "2023.03.07"]
[EventType "swiss (blitz)"]
[EventRounds "11"]
[EventCountry "NET"]
[SourceTitle "EXT 2024"]
[Source "ChessBase"]
[SourceDate "2023.10.10"]
[SourceVersion "1"]
[SourceVersionDate "2023.10.10"]
[SourceQuality "1"]

1. e4 d6 2. d4 Nf6 3. Nc3 e5 4. Nge2 Be7 5. Be3 Ng4 6. Bd2 Nf6 7. f3 O-O 8. Be3 Nbd7 9. Qd2 Nb6 10. b3 exd4 11. Nxd4 c5 12. Ndb5 d5 13. e5 d4 14. exf6 Bxf6 15. Bxd4 cxd4 16. Ne4 d3 17. O-O-O dxc2 18. Qxc2 Qe7 19. Qc5 Qxc5+ 20. Nxc5 Bf5 21. Nd6 Bg6 22. Bd3 Bg5+ 23. Kb2 Bf6+ 24. Kc1 Bg5+ 25. Kb2 Bf6+ 26. Kb1 Nd5 27. Bxg6 Nc3+ 28. Kc2 Nxd1 29. Bxf7+ Rxf7 30. Nxf7 Ne3+ 31. Kd3 Nxg2 32. Nd6 Be7 33. Ndxb7 Rf8 34. Ke2 Nf4+ 35. Kd2 Nd5 36. Rf1 Bg5+ 37. Kd3 Ne3 38. Rg1 h6 39. Rxg5 hxg5 40. Kxe3 Re8+ 41. Ne4 Re5 42. Nbd6 Kh7 43. Nf7 Ra5 44. Nfxg5+ Kg6 45. a4 Ra6 46. h4 Rb6 47. Nd2 Kh5 48. Nge4 Kxh4 49. Kd4 g5 50. Kc5 Rb8 51. b4 g4 52. fxg4 Kxg4 53. Nd6 Kf4 54. N2c4 Kf3 55. a5 Ke2 56. a6 Kd3 57. Ne5+ Kc3 58. Nb5+ Kb3 59. Nc6 Rh8 60. Nbxa7 Ka4 61. b5 Rh5+ 62. Kb6 Rh6 63. Nc8 1-0

[Event "Titled Tuesday 2023.02.28 Early"]
[Site "Chess.com INT"]
[Date "2023.02.28"]
[Round "7"]
[White "Golubka, Petro"]
[Black "Aadit, Bhatia"]
[Result "0-1"]
[WhiteElo "2363"]
[BlackElo "1945"]
[WhiteFideId "-1"]
[BlackFideId "-1"]
[PlyCount "104"]
[GameId "1887647055810560"]
[EventDate "2023.02.28"]
[EventType "swiss (blitz)"]
[EventRounds "11"]
[EventCountry "NET"]
[SourceTitle "CBM 213 Extra"]
[Source "ChessBase"]
[SourceDate "2023.05.31"]
[SourceVersion "1"]
[SourceVersionDate "2023.05.31"]
[SourceQuality "1"]

1. e4 c5 2. b4 cxb4 3. a3 d5 4. e5 Nc6 5. axb4 Nxe5 6. d4 Nc4 7. Nc3 Nf6 8. Bg5 e6 9. Bxc4 dxc4 10. b5 Bb4 11. Nge2 h6 12. Bxf6 Qxf6 13. O-O O-O 14. Ra4 a5 15. bxa6 Bd6 16. a7 Bd7 17. Rxc4 Rxa7 18. d5 b5 19. Ne4 Bxh2+ 20. Kxh2 Qh4+ 21. Kg1 bxc4 22. Qd4 Ra5 23. g3 Qe7 24. d6 Qd8 25. N2c3 Qc8 26. Rb1 Qc6 27. Rb6 Qa8 28. f3 Rc8 29. g4 Ra1+ 30. Kf2 Rc1 31. Qd2 Qa1 32. Rb7 Rh1 33. Ke3 Qg1+ 34. Qf2 Qc1+ 35. Kd4 Bc6 36. Rc7 Rxc7 37. dxc7 Bd7 38. Ke5 Qa3 39. Nc5 Qxc3+ 40. Kd6 Bc8 41. Ne4 Rd1+ 42. Ke7 Qb4+ 43. Qc5 Qxc5+ 44. Nxc5 e5 45. Ne4 Rd7+ 46. Ke8 Rxc7 47. Kd8 Rc6 48. c3 f5 49. gxf5 Bxf5 50. Ng3 Be6 51. Nf1 Kf7 52. Ne3 Rc8# 0-1

[Event "Vastgota op"]
[Site "Skara SWE"]
[Date "2023.02.18"]
[Round "3"]
[White "Golubka, Petro"]
[Black "Bjorklund, Thomas"]
[Result "1-0"]
[WhiteElo "2363"]
[BlackElo "2141"]
[WhiteFideId "-1"]
[BlackFideId "-1"]
[PlyCount "42"]
[GameId "2130307563425730"]
[EventDate "2023.02.18"]
[EventType "swiss"]
[EventRounds "9"]
[EventCountry "SWE"]
[SourceTitle "10 Days #714"]
[Source "ChessMix"]
[SourceDate "2023.02.20"]
[SourceVersion "1"]
[SourceVersionDate "2023.02.20"]
[SourceQuality "1"]

1. e4 c5 2. b3 Nc6 3. Bb2 d6 4. Bb5 Bd7 5. f4 Nf6 6. Qe2 e6 7. Nf3 Be7 8. Bxc6 Bxc6 9. Nc3 a6 10. d4 cxd4 11. Nxd4 Qb6 12. O-O-O O-O-O 13. g4 Rhe8 14. g5 Nd7 15. h4 Nc5 16. Rhe1 Kb8 17. Qh5 g6 18. Qxh7 Rf8 19. f5 Rh8 20. Qxf7 Rdf8 21. Qg7 Kc8 1-0

[Event "Vastgota op"]
[Site "Skara SWE"]
[Date "2023.02.18"]
[Round "5"]
[White "Golubka, Petro"]
[Black "Seo, Jung Min"]
[Result "1/2-1/2"]
[WhiteElo "2363"]
[BlackElo "2509"]
[WhiteFideId "-1"]
[BlackFideId "-1"]
[PlyCount "40"]
[GameId "2130307563425741"]
[EventDate "2023.02.18"]
[EventType "swiss"]
[EventRounds "9"]
[EventCountry "SWE"]
[SourceTitle "10 Days #714"]
[Source "ChessMix"]
[SourceDate "2023.02.20"]
[SourceVersion "1"]
[SourceVersionDate "2023.02.20"]
[SourceQuality "1"]

1. e4 c6 2. d4 d5 3. f3 e6 4. Nc3 Nf6 5. Nge2 dxe4 6. fxe4 e5 7. Bg5 Nbd7 8. dxe5 Nxe5 9. Qxd8+ Kxd8 10. O-O-O+ Ke8 11. h3 Be7 12. Bf4 Ng6 13. Bh2 Be6 14. Nd4 Rd8 15. e5 Nd5 16. Nxe6 fxe6 17. Nxd5 exd5 18. Bd3 Bg5+ 19. Kb1 Ke7 20. Rhf1 Ke6 1/2-1/2

[Event "Bytom Black Horse School Cup"]
[Site "Bytom"]
[Date "2023.01.28"]
[Round "1"]
[White "Golubka, Petro"]
[Black "Noworyta, Marek"]
[Result "1-0"]
[WhiteElo "2406"]
[BlackElo "1337"]
[WhiteFideId "-1"]
[BlackFideId "-1"]
[PlyCount "65"]
[GameId "1894117921865728"]
[EventDate "2023.01.28"]
[EventType "swiss (rapid)"]
[EventRounds "9"]
[EventCountry "POL"]
[SourceTitle "CBM 213 Extra"]
[Source "ChessBase"]
[SourceDate "2023.05.31"]
[SourceVersion "1"]
[SourceVersionDate "2023.05.31"]
[SourceQuality "1"]

1. e4 c6 2. d4 d5 3. e5 e6 4. Nf3 c5 5. c3 Nc6 6. a3 cxd4 7. cxd4 Be7 8. Nc3 Bd7 9. Bd3 h5 10. h4 Rc8 11. g3 Nh6 12. O-O g6 13. Kg2 Kf8 14. Ne2 Kg7 15. b4 a6 16. Bb2 Na7 17. Nc3 Bb5 18. Nxb5 Nxb5 19. a4 Nc3 20. Qb3 Ne4 21. Rfe1 f5 22. exf6+ Bxf6 23. b5 Qb6 24. Bxe4 dxe4 25. Rxe4 Rhe8 26. Rae1 Kf7 27. d5 Bxb2 28. dxe6+ Ke7 29. Qxb2 Nf5 30. Nd4 Nxd4 31. Rxd4 Rcd8 32. Rd7+ Rxd7 33. Qg7+ 1-0

[Event "Bytom Black Horse School Cup"]
[Site "Bytom"]
[Date "2023.01.28"]
[Round "2"]
[White "Tchorzewski, Kazimierz"]
[Black "Golubka, Petro"]
[Result "0-1"]
[WhiteElo "1611"]
[BlackElo "2406"]
[WhiteFideId "-1"]
[BlackFideId "-1"]
[PlyCount "46"]
[GameId "1894117921910784"]
[EventDate "2023.01.28"]
[EventType "swiss (rapid)"]
[EventRounds "9"]
[EventCountry "POL"]
[SourceTitle "CBM 213 Extra"]
[Source "ChessBase"]
[SourceDate "2023.05.31"]
[SourceVersion "1"]
[SourceVersionDate "2023.05.31"]
[SourceQuality "1"]

1. e4 e6 2. f4 d5 3. e5 c5 4. c3 d4 5. d3 f6 6. Nf3 Nc6 7. Be2 Nh6 8. O-O Be7 9. a3 a5 10. Nbd2 O-O 11. Ne4 a4 12. b4 axb3 13. Qxb3 fxe5 14. fxe5 Ng4 15. Nfg5 Rxf1+ 16. Kxf1 Bxg5 17. Bxg4 Bxc1 18. Rxc1 Nxe5 19. Bxe6+ Kh8 20. cxd4 Qxd4 21. Bxc8 Rxc8 22. Ke2 c4 23. Rxc4 Nxc4 0-1

[Event "Bytom Black Horse School Cup"]
[Site "Bytom"]
[Date "2023.01.28"]
[Round "3"]
[White "Golubka, Petro"]
[Black "Golimowski, Pawel"]
[Result "1-0"]
[WhiteElo "2406"]
[BlackElo "1681"]
[WhiteFideId "-1"]
[BlackFideId "-1"]
[PlyCount "55"]
[GameId "1894117921931264"]
[EventDate "2023.01.28"]
[EventType "swiss (rapid)"]
[EventRounds "9"]
[EventCountry "POL"]
[SourceTitle "CBM 213 Extra"]
[Source "ChessBase"]
[SourceDate "2023.05.31"]
[SourceVersion "1"]
[SourceVersionDate "2023.05.31"]
[SourceQuality "1"]

1. e4 d6 2. d4 Nf6 3. f3 c6 4. c4 Qc7 5. Nc3 e5 6. Nge2 Be7 7. Be3 b6 8. d5 Ba6 9. Qa4 Bb7 10. g4 O-O 11. Ng3 g6 12. h4 Nbd7 13. Rc1 Nc5 14. Qd1 a5 15. h5 cxd5 16. cxd5 Qd7 17. Bb5 Qd8 18. Qd2 Bc8 19. Qh2 Bxg4 20. fxg4 Nxg4 21. Qh3 Bg5 22. hxg6 h6 23. g7 Nxe3 24. gxf8=R+ Qxf8 25. Nd1 Nxd1 26. Rxd1 Qg7 27. Ke2 Qg6 28. Qf5 1-0

[Event "Bytom Black Horse School Cup"]
[Site "Bytom"]
[Date "2023.01.28"]
[Round "4"]
[White "Kozlowski, Franciszek"]
[Black "Golubka, Petro"]
[Result "0-1"]
[WhiteElo "1742"]
[BlackElo "2406"]
[WhiteFideId "-1"]
[BlackFideId "-1"]
[PlyCount "64"]
[GameId "1894117921951744"]
[EventDate "2023.01.28"]
[EventType "swiss (rapid)"]
[EventRounds "9"]
[EventCountry "POL"]
[SourceTitle "CBM 213 Extra"]
[Source "ChessBase"]
[SourceDate "2023.05.31"]
[SourceVersion "1"]
[SourceVersionDate "2023.05.31"]
[SourceQuality "1"]

1. d4 d5 2. Bf4 Bg4 3. c3 c6 4. Nf3 Bxf3 5. exf3 Nd7 6. Nd2 e6 7. Bd3 Ngf6 8. h4 h5 9. g4 g6 10. g5 Ng8 11. Qe2 Ne7 12. Be5 Nxe5 13. Qxe5 Rg8 14. f4 Bg7 15. Qe3 Qd6 16. Nf3 O-O-O 17. Ne5 Rgf8 18. O-O-O a5 19. Rhe1 Kc7 20. Kb1 b6 21. a4 c5 22. Bc2 c4 23. Re2 Bxe5 24. Qxe5 Rb8 25. Qxd6+ Kxd6 26. Ka2 b5 27. b3 b4 28. Re3 Rfc8 29. cxb4 axb4 30. Kb2 Nc6 31. Re2 Rc7 32. Re3 Na5 0-1

[Event "Bytom Black Horse School Cup"]
[Site "Bytom"]
[Date "2023.01.28"]
[Round "5"]
[White "Golubka, Petro"]
[Black "Krawczyk, Flawian"]
[Result "1-0"]
[WhiteElo "2406"]
[BlackElo "2013"]
[WhiteFideId "-1"]
[BlackFideId "-1"]
[PlyCount "45"]
[GameId "1894117921972224"]
[EventDate "2023.01.28"]
[EventType "swiss (rapid)"]
[EventRounds "9"]
[EventCountry "POL"]
[SourceTitle "CBM 213 Extra"]
[Source "ChessBase"]
[SourceDate "2023.05.31"]
[SourceVersion "1"]
[SourceVersionDate "2023.05.31"]
[SourceQuality "1"]

1. e4 c5 2. b3 b6 3. Bb2 Bb7 4. Nc3 Nc6 5. g3 Nf6 6. Bg2 g6 7. e5 Ng8 8. f4 Bg7 9. d4 cxd4 10. Nb5 Rc8 11. Nxa7 Nxa7 12. Bxb7 Rc7 13. Bf3 Nc6 14. Ne2 d6 15. Nxd4 Nxd4 16. Bxd4 dxe5 17. Bxb6 Qxd1+ 18. Rxd1 Rc8 19. Bb7 Rb8 20. Bc7 exf4 21. Bc6+ Kf8 22. Bxb8 Bc3+ 23. Ke2 1-0

[Event "Bytom Black Horse School Cup"]
[Site "Bytom"]
[Date "2023.01.28"]
[Round "6"]
[White "Gula, Grzegorz"]
[Black "Golubka, Petro"]
[Result "0-1"]
[WhiteElo "1751"]
[BlackElo "2406"]
[WhiteFideId "-1"]
[BlackFideId "-1"]
[PlyCount "120"]
[GameId "1894117921992704"]
[EventDate "2023.01.28"]
[EventType "swiss (rapid)"]
[EventRounds "9"]
[EventCountry "POL"]
[SourceTitle "CBM 213 Extra"]
[Source "ChessBase"]
[SourceDate "2023.05.31"]
[SourceVersion "1"]
[SourceVersionDate "2023.05.31"]
[SourceQuality "1"]

1. d4 Nf6 2. Nf3 g6 3. Bf4 Bg7 4. e3 d6 5. h3 O-O 6. Bd3 e5 7. dxe5 Nfd7 8. Bh2 Nc6 9. Nbd2 dxe5 10. e4 Nc5 11. Bc4 Kh8 12. O-O Qe7 13. c3 a5 14. Qe2 f6 15. Rad1 Nd8 16. a3 a4 17. Ba2 b5 18. Rfe1 Rb8 19. Nf1 Be6 20. Bxe6 Ndxe6 21. Ne3 c6 22. Nc2 Nb3 23. Nb4 Rbc8 24. Nd2 Nbc5 25. f3 Bh6 26. Nf1 Nb3 27. Ne3 Qc5 28. Kh1 Rfd8 29. Ng4 Bd2 30. Bg1 Qe7 31. Rf1 Nf4 32. Qf2 c5 33. Nc2 Nd3 34. Qh4 Bg5 35. Qg3 h5 36. Nge3 Qf7 37. h4 Bf4 38. Qh3 Nxb2 39. Rxd8+ Rxd8 40. g3 Bxe3 41. Bxe3 Qd7 42. Qg2 Nd1 43. f4 Nxc3 44. fxe5 fxe5 45. Qf3 Re8 46. Bg5 Na2 47. Bh6 b4 48. Qf6+ Kh7 49. Bg5 Qh3+ 50. Kg1 Qxg3+ 51. Kh1 Qh3+ 52. Kg1 Qg4+ 53. Kh1 Qxe4+ 54. Kg1 Qg4+ 55. Kh1 Qd7 56. axb4 Nxb4 57. Qf3 Nxc2 58. Qc3 Ncd4 59. Qc4 Qh3+ 60. Kg1 Qg4+ 0-1

[Event "Bytom Black Horse School Cup"]
[Site "Bytom"]
[Date "2023.01.28"]
[Round "7"]
[White "Golubka, Petro"]
[Black "Wiewiora, Eneasz"]
[Result "1/2-1/2"]
[WhiteElo "2406"]
[BlackElo "2309"]
[WhiteFideId "-1"]
[BlackFideId "-1"]
[PlyCount "132"]
[GameId "1894117922013184"]
[EventDate "2023.01.28"]
[EventType "swiss (rapid)"]
[EventRounds "9"]
[EventCountry "POL"]
[SourceTitle "CBM 213 Extra"]
[Source "ChessBase"]
[SourceDate "2023.05.31"]
[SourceVersion "1"]
[SourceVersionDate "2023.05.31"]
[SourceQuality "1"]

1. d4 d6 2. Nf3 Nf6 3. c4 Bg4 4. Qb3 Qc8 5. h3 Bh5 6. g4 Bg6 7. Bg2 c6 8. Nc3 Nbd7 9. Bf4 e6 10. Nh4 e5 11. Be3 Be7 12. Nxg6 hxg6 13. O-O-O a6 14. g5 Nh5 15. h4 Qc7 16. Kb1 Rb8 17. Bf3 exd4 18. Bxd4 Ne5 19. Bxh5 Rxh5 20. f4 Nd7 21. Bxg7 Nc5 22. Qc2 Ne6 23. Bd4 Nxf4 24. e4 Ne6 25. Bf2 b5 26. cxb5 axb5 27. Bg3 Kf8 28. Rhf1 Kg7 29. e5 d5 30. Nxd5 cxd5 31. Qxc7 Nxc7 32. e6 fxe6 33. Bxc7 Rf8 34. Be5+ Kg8 35. Rxf8+ Kxf8 36. Rf1+ Ke8 37. Rf4 Rh7 38. a3 Rf7 39. Rxf7 Kxf7 40. b4 Bd8 41. a4 bxa4 42. Ka2 Bb6 43. Ka3 Bf2 44. b5 Ke7 45. h5 gxh5 46. g6 h4 47. Kxa4 Bb6 48. Kb4 h3 49. g7 Kf7 50. Kc3 h2 51. Bxh2 Kxg7 52. Be5+ Kg6 53. Bd4 Ba5+ 54. Kb3 Bc7 55. b6 Bb8 56. Ka4 e5 57. Bc5 Kf5 58. Kb5 e4 59. Kc6 Ke6 60. b7 Be5 61. Bb6 Bb8 62. Bd4 Bf4 63. Ba7 Bg3 64. Bb6 Bb8 65. Bc7 Ba7 66. Bb6 Bb8 1/2-1/2

[Event "Bytom Black Horse School Cup"]
[Site "Bytom"]
[Date "2023.01.28"]
[Round "8"]
[White "Wieczorek, Jakub"]
[Black "Golubka, Petro"]
[Result "0-1"]
[WhiteElo "1735"]
[BlackElo "2406"]
[WhiteFideId "-1"]
[BlackFideId "-1"]
[PlyCount "74"]
[GameId "1894117922033664"]
[EventDate "2023.01.28"]
[EventType "swiss (rapid)"]
[EventRounds "9"]
[EventCountry "POL"]
[SourceTitle "CBM 213 Extra"]
[Source "ChessBase"]
[SourceDate "2023.05.31"]
[SourceVersion "1"]
[SourceVersionDate "2023.05.31"]
[SourceQuality "1"]

1. d4 d5 2. e3 a6 3. c4 e6 4. Nf3 Nf6 5. Be2 g6 6. O-O Bg7 7. Nc3 O-O 8. b3 Re8 9. Bb2 b6 10. cxd5 exd5 11. Rc1 Bb7 12. Qc2 Nbd7 13. Rfd1 Rc8 14. Qb1 Qe7 15. Bf1 h5 16. Re1 c5 17. Red1 c4 18. a4 Ng4 19. Re1 cxb3 20. h3 Ngf6 21. Nd2 Qb4 22. Qa1 Bf8 23. Be2 b5 24. Ndb1 bxa4 25. Ba3 Qa5 26. Bxf8 Rxf8 27. Qxa4 Qxa4 28. Nxa4 Ne4 29. Bd3 a5 30. Bxe4 dxe4 31. Nbc3 Rc4 32. Nb2 Rb4 33. Ra1 Ra8 34. Ra3 Nb6 35. Rea1 Rc8 36. Nca4 Rc2 37. Nxb6 Rxb2 0-1

[Event "Bytom Black Horse School Cup"]
[Site "Bytom"]
[Date "2023.01.28"]
[Round "9"]
[White "Golubka, Petro"]
[Black "Nowacki, Adam"]
[Result "1-0"]
[WhiteElo "2406"]
[BlackElo "1633"]
[WhiteFideId "-1"]
[BlackFideId "-1"]
[PlyCount "52"]
[GameId "1894117922054144"]
[EventDate "2023.01.28"]
[EventType "swiss (rapid)"]
[EventRounds "9"]
[EventCountry "POL"]
[SourceTitle "CBM 213 Extra"]
[Source "ChessBase"]
[SourceDate "2023.05.31"]
[SourceVersion "1"]
[SourceVersionDate "2023.05.31"]
[SourceQuality "1"]

1. a3 c6 2. b3 g6 3. Bb2 Nf6 4. e4 Bg7 5. e5 Nd5 6. Nf3 O-O 7. c4 Nc7 8. d4 d5 9. Bd3 Bg4 10. h3 Bxf3 11. Qxf3 f6 12. Qe3 dxc4 13. Bxc4+ Nd5 14. O-O fxe5 15. dxe5 e6 16. Qe4 Rf4 17. Qe2 Nd7 18. Nd2 Qc7 19. g3 Rf5 20. f4 Qb6+ 21. Kh2 Raf8 22. Ne4 Kh8 23. Nd6 Ne3 24. Bxe6 Nxf1+ 25. Rxf1 Nxe5 26. Nxf5 Qxb3 1-0

[Event "Poronin op"]
[Site "Poronin POL"]
[Date "2023.01.06"]
[Round "1.1"]
[White "Marszalek, Jakub"]
[Black "Golubka, Petro"]
[Result "0-1"]
[WhiteElo "1356"]
[BlackElo "2378"]
[WhiteFideId "-1"]
[BlackFideId "-1"]
[PlyCount "70"]
[GameId "2130307565025477"]
[EventDate "2023.01.06"]
[EventType "swiss"]
[EventRounds "9"]
[EventCountry "POL"]
[SourceTitle "10 Days #711"]
[Source "ChessMix"]
[SourceDate "2023.01.20"]
[SourceVersion "1"]
[SourceVersionDate "2023.01.20"]
[SourceQuality "1"]

1. Nc3 c5 2. Nf3 g6 3. e4 Bg7 4. Bc4 e6 5. a3 Ne7 6. d3 d6 7. O-O Nbc6 8. Ne2 a6 9. c3 b5 10. Ba2 O-O 11. Ng3 a5 12. Rb1 a4 13. Bd2 Bd7 14. h3 Na5 15. Nh2 c4 16. d4 e5 17. d5 f5 18. Bg5 f4 19. Nh1 h6 20. Bxe7 Qxe7 21. f3 Bf6 22. Nf2 Qg7 23. Kh1 Bd8 24. Qe1 Nb7 25. Rd1 Kf7 26. Rg1 Bh4 27. Qf1 Ke7 28. Qe2 Nc5 29. Bb1 h5 30. Bc2 g5 31. Nf1 g4 32. hxg4 hxg4 33. fxg4 Bxf2 34. Qxf2 Rh8+ 35. Nh2 Rxh2+ 0-1

[Event "Poronin op"]
[Site "Poronin POL"]
[Date "2023.01.07"]
[Round "3.1"]
[White "Suska, Szymon"]
[Black "Golubka, Petro"]
[Result "1/2-1/2"]
[WhiteElo "1819"]
[BlackElo "2378"]
[WhiteFideId "-1"]
[BlackFideId "-1"]
[PlyCount "52"]
[GameId "2130307565025495"]
[EventDate "2023.01.06"]
[EventType "swiss"]
[EventRounds "9"]
[EventCountry "POL"]
[SourceTitle "10 Days #711"]
[Source "ChessMix"]
[SourceDate "2023.01.20"]
[SourceVersion "1"]
[SourceVersionDate "2023.01.20"]
[SourceQuality "1"]

1. Nf3 b5 2. d4 Bb7 3. e3 a6 4. a4 b4 5. c4 bxc3 6. bxc3 Nf6 7. Ba3 d6 8. Nbd2 Ra7 9. Bd3 e6 10. O-O Be7 11. Qc2 O-O 12. e4 g6 13. c4 a5 14. Rab1 c5 15. dxc5 dxc5 16. e5 Nfd7 17. Be4 Ba6 18. Rfd1 Qc7 19. Bb2 Nc6 20. Bxc6 Qxc6 21. Ne4 Nb6 22. Nf6+ Kg7 23. Qc1 Nxc4 24. Ng4 g5 25. Nf6 h6 26. Nxg5 Nxb2 1/2-1/2

[Event "Poronin op"]
[Site "Poronin POL"]
[Date "2023.01.08"]
[Round "4.1"]
[White "Golubka, Petro"]
[Black "Paszkowski, Krystian"]
[Result "1/2-1/2"]
[WhiteElo "2378"]
[BlackElo "2017"]
[WhiteFideId "-1"]
[BlackFideId "-1"]
[PlyCount "107"]
[GameId "2130307565025504"]
[EventDate "2023.01.06"]
[EventType "swiss"]
[EventRounds "9"]
[EventCountry "POL"]
[SourceTitle "10 Days #711"]
[Source "ChessMix"]
[SourceDate "2023.01.20"]
[SourceVersion "1"]
[SourceVersionDate "2023.01.20"]
[SourceQuality "1"]

1. e4 c5 2. Nf3 Nc6 3. d4 cxd4 4. Nxd4 e5 5. Nb5 d6 6. a4 Be6 7. N1c3 a6 8. Na3 Rc8 9. Bc4 Nf6 10. Bg5 Nd4 11. Nd5 Be7 12. Bxf6 Bxf6 13. c3 Nc6 14. O-O O-O 15. Qd3 Bg5 16. Rad1 Kh8 17. Ne3 Bxe3 18. fxe3 Qg5 19. Bxe6 fxe6 20. Nc4 Kg8 21. Qxd6 Qg4 22. h3 Qg6 23. Nxe5 Rxf1+ 24. Rxf1 Nxe5 25. Qxe5 h6 26. Rd1 Rf8 27. Rd6 Rf6 28. Rd7 Rf7 29. Rd6 Rf6 30. a5 Qf7 31. Kh2 Kh7 32. b4 Rg6 33. Qf4 Rf6 34. Qh4 Rg6 35. Qe1 Qf6 36. Rd4 Qe5+ 37. Kh1 Rg3 38. Qf2 Qg5 39. Qf4 Rxg2 40. Qxg5 Rxg5 41. Kh2 Kg6 42. c4 Kf6 43. Rd7 Ke5 44. Rxb7 Kxe4 45. c5 Kd5 46. Rb6 Ke4 47. Rxe6+ Kf3 48. h4 Rg4 49. h5 Rxb4 50. Re7 Rh4+ 51. Kg1 Rxh5 52. c6 Rxa5 53. Rxg7 Rc5 54. Rg6 1/2-1/2

[Event "Poronin op"]
[Site "Poronin POL"]
[Date "2023.01.10"]
[Round "5.2"]
[White "Tomalak, Stanislaw"]
[Black "Golubka, Petro"]
[Result "0-1"]
[WhiteElo "1555"]
[BlackElo "2378"]
[WhiteFideId "-1"]
[BlackFideId "-1"]
[PlyCount "90"]
[GameId "2130307565029610"]
[EventDate "2023.01.06"]
[EventType "swiss"]
[EventRounds "9"]
[EventCountry "POL"]
[SourceTitle "10 Days #711"]
[Source "ChessMix"]
[SourceDate "2023.01.20"]
[SourceVersion "1"]
[SourceVersionDate "2023.01.20"]
[SourceQuality "1"]

1. Nf3 b6 2. g3 Bb7 3. Bg2 e6 4. d3 f5 5. Nbd2 Nh6 6. e4 Bd6 7. O-O O-O 8. e5 Be7 9. Nc4 Nf7 10. h4 c5 11. Bf4 Nc6 12. c3 b5 13. Na3 a6 14. Nc2 d6 15. d4 d5 16. Qd2 Qd7 17. Bh3 Nh8 18. Kh2 Qe8 19. Rg1 Qf7 20. Rg2 Ng6 21. Rag1 Kh8 22. Nce1 c4 23. Qe2 Nxf4 24. gxf4 Bc8 25. Ng5 Qg6 26. Ngf3 Qh6 27. Rxg7 Qxf4+ 28. Kh1 Qh6 29. Qf1 Qxg7 30. Rxg7 Kxg7 31. Ng2 Rg8 32. Nf4 Bd7 33. Qc1 h6 34. Nh5+ Kh7 35. Qf4 Raf8 36. Kh2 Be8 37. Nf6+ Bxf6 38. exf6 Rxf6 39. Qd6 Bh5 40. Ne5 Nxe5 41. dxe5 Rfg6 42. Qxa6 Bf3 43. Qxb5 Rg1 44. Qd7+ Kh8 45. Bg4 Rg2+ 0-1

[Event "Poronin op"]
[Site "Poronin POL"]
[Date "2023.01.10"]
[Round "6.1"]
[White "Golubka, Petro"]
[Black "Skorupka, Arkadiusz"]
[Result "1-0"]
[WhiteElo "2378"]
[BlackElo "1413"]
[WhiteFideId "-1"]
[BlackFideId "-1"]
[PlyCount "61"]
[GameId "2130307565029618"]
[EventDate "2023.01.06"]
[EventType "swiss"]
[EventRounds "9"]
[EventCountry "POL"]
[SourceTitle "10 Days #711"]
[Source "ChessMix"]
[SourceDate "2023.01.20"]
[SourceVersion "1"]
[SourceVersionDate "2023.01.20"]
[SourceQuality "1"]

1. e4 c5 2. b3 Nc6 3. Bb2 d5 4. exd5 Qxd5 5. Nc3 Qd8 6. Bb5 Bd7 7. Ne4 a6 8. Qe2 e6 9. Bxc6 Bxc6 10. Nf3 Ne7 11. Nxc5 Nd5 12. Nd3 Be7 13. Nfe5 Qc7 14. O-O O-O 15. c4 Nf6 16. Nxc6 Qxc6 17. Ne5 Qc7 18. d4 Rfd8 19. f4 Nd7 20. Rad1 Nxe5 21. fxe5 Rd7 22. Qf3 Bf8 23. d5 exd5 24. cxd5 Qc5+ 25. Kh1 Re8 26. Qf5 Red8 27. d6 g6 28. Qh3 Bg7 29. e6 fxe6 30. Qxe6+ Kh8 31. Qxd7 1-0

[Event "Poronin op"]
[Site "Poronin POL"]
[Date "2023.01.10"]
[Round "7.1"]
[White "Bandyk, Joanna"]
[Black "Golubka, Petro"]
[Result "0-1"]
[WhiteElo "1417"]
[BlackElo "2378"]
[WhiteFideId "-1"]
[BlackFideId "-1"]
[PlyCount "52"]
[GameId "2130307565029627"]
[EventDate "2023.01.06"]
[EventType "swiss"]
[EventRounds "9"]
[EventCountry "POL"]
[SourceTitle "10 Days #711"]
[Source "ChessMix"]
[SourceDate "2023.01.20"]
[SourceVersion "1"]
[SourceVersionDate "2023.01.20"]
[SourceQuality "1"]

1. e4 e6 2. d3 b5 3. Nf3 Bb7 4. g3 g6 5. Bg2 Bg7 6. O-O Ne7 7. Re1 d6 8. Nbd2 O-O 9. Nf1 c5 10. c3 Nbc6 11. h4 h6 12. Ne3 e5 13. Bh3 Bc8 14. Bg2 Be6 15. Bd2 f5 16. Nf1 Qd7 17. N1h2 a5 18. a3 a4 19. Rc1 c4 20. Bf1 cxd3 21. Bxd3 fxe4 22. Bxe4 d5 23. Bc2 e4 24. Nd4 Nxd4 25. cxd4 Bxd4 26. Be3 Bxb2 0-1